• 首页
  • 本馆介绍
  • 公告通知
  • 最新文献
  • 馆藏检索
  • 电子资源
  • 读者导购
  • 参考咨询
  • 我的图书馆
  • 登录
  • 详细信息显示
  • 放入我的书架
  • 预约/预借图书
  • 作者相关作品
  • 分类相关作品
  • 丛书相关作品
  • 出版社相关作品

书目信息

  • 表格格式
  • 工作单格式
  • 卡片格式
题名:
中小学图书馆文献分类与主题标引
    
 
作者: 马张华 , 巩雪芹 编著
分册:  
出版信息: 北京   北京图书馆出版社  1998
页数: 299页
开本: 19cm
丛书名: 中小学图书馆员业务学习指南
单 册:
中图分类: G254.11
科图分类: 37.6441
主题词: 分类标引-学校图书馆 , 学校图书馆-分类标引
电子资源:
ISBN: 7-5013-1478-0
000 00828nam2 2200265 45
001 0198048436
005 20070728161927.50
010    @a7-5013-1478-0@dCNY11.80
100    @a19980907d1998 em y0chiy0121 ea
101 0  @achi
102    @aCN@b110000
105    @ay z 000yy
200 1  @a中小学图书馆文献分类与主题标引@Azhong xiao xue tu shu guan wen xian fen lei yu zhu ti biao yin@f马张华,巩雪芹编著
210    @a北京@c北京图书馆出版社@d1998
215    @a299页@d19cm
225 2  @a中小学图书馆员业务学习指南
410  0 @12001 @a中小学图书馆员业务学习指南
606    @a分类标引-学校图书馆
606    @a学校图书馆-分类标引
690    @aG254.11@v4
692    @a37.6441@v2
701  0 @a马张华@Ama zhang hua@4编著
701  0 @a巩雪芹@Agong xue qin@4编著
801  0 @aCN@bWHC@c20070728
905    @a10447@dG254.11@e100
    
    中小学图书馆文献分类与主题标引/马张华,巩雪芹编著.-北京:北京图书馆出版社,1998
    299页;19cm.-(中小学图书馆员业务学习指南)
    
    
    ISBN 7-5013-1478-0:CNY11.80
    
●
相关链接 在E读中查询图书 在五车中查询图书 在当当中查询图书 在豆瓣中查询图书


正题名:中小学图书馆文献分类与主题标引     索取号:G254.11/100         预约/预借

序号 登录号 条形码 馆藏地/架位号 状态 备注
1 0784758   207847589   第四借阅区/ [索取号:G254.11/100] 在馆    
2 0784983   207849836   第四借阅区/ [索取号:G254.11/100] 在馆    
唐山师范学院图书馆 欢迎您!
大连网信软件有限公司© 版权所有